England National Football Team Opponents 1920-1929 - Statistics

General Stats
  • This quiz has been taken 7 times
  • The average score is 44 of 48
Answer Stats
Modern Confederation Year + Result Country % Correct
UEFA 1923 4-1 W France
100%
UEFA 1924 3-1 W France
100%
UEFA 1925 3-2 W France
100%
UEFA 1927 6-0 W France
100%
UEFA 1928 5-1 W France
100%
UEFA 1929 4-1 W France
100%
UEFA 1920 2-0 W Ireland
100%
UEFA 1921 1-1 D Ireland
100%
UEFA 1922 2-0 W Ireland
100%
UEFA 1923 2-1 L Ireland
100%
UEFA 1924 3-1 W Ireland
100%
UEFA 1925 0-0 D Ireland
100%
UEFA 1926 3-3 D Ireland
100%
UEFA 1927 2-0 L Ireland
100%
UEFA 1928 2-1 W Ireland
100%
UEFA 1929 3-0 W Ireland
100%
UEFA 1920 5-4 W Scotland
100%
UEFA 1921 3-0 L Scotland
100%
UEFA 1922 1-0 L Scotland
100%
UEFA 1923 2-2 D Scotland
100%
UEFA 1924 1-1 D Scotland
100%
UEFA 1925 2-0 L Scotland
100%
UEFA 1926 1-0 L Scotland
100%
UEFA 1927 2-1 W Scotland
100%
UEFA 1928 5-1 L Scotland
100%
UEFA 1929 1-0 L Scotland
100%
UEFA 1929 4-3 L Spain
100%
UEFA 1923 4-2 W Sweden
86%
UEFA 1920 2-1 L Wales
86%
UEFA 1921 0-0 D Wales
86%
UEFA 1922 1-0 W Wales
86%
UEFA 1923 2-2 D Wales
86%
UEFA 1924 2-1 L Wales
86%
UEFA 1925 2-1 W Wales
86%
UEFA 1926 3-1 L Wales
86%
UEFA 1927 3-3 D Wales
86%
UEFA 1927 2-1 L Wales
86%
UEFA 1928 3-2 W Wales
86%
UEFA 1929 6-0 W Wales
86%
UEFA 1921 2-0 W Belgium
71%
UEFA 1923 6-1 W Belgium
71%
UEFA 1923 2-2 D Belgium
71%
UEFA 1924 4-0 W Belgium
71%
UEFA 1926 5-3 W Belgium
71%
UEFA 1927 9-1 W Belgium
71%
UEFA 1928 3-1 W Belgium
71%
UEFA 1929 5-1 W Belgium
71%
UEFA 1927 5-2 W Luxembourg
71%
No matching quizzes found
Score Distribution
Percent of People with Each Score
Percentile by Number Answered
Your Score History
You have not taken this quiz